| 000 | 00637nam a22002057a 4500 | ||
|---|---|---|---|
| 003 | OSt | ||
| 005 | 20151019134801.0 | ||
| 008 | 130515s1 sp ||||| |||| 00| 0 spa d | ||
| 020 | _a8481829595 | ||
| 040 | _cCDMR | ||
| 100 | 1 |
_93429 _aEhrenburg, Ilya _d1861-1967 |
|
| 245 | 1 | 0 |
_aCorresponsal en España _cIlya Ehrenburg |
| 260 |
_aBarcelona _bPrensa Ibérica _c1998 |
||
| 300 | _a253 p. | ||
| 490 | 0 | _aClásicos de la Prensa | |
| 600 | 1 |
_93429 _aEhrenburg, Ilya _d1861-1967 _vRecull d'escrits |
|
| 650 | 0 | 4 |
_93678 _aCorresponsals de guerra _vRelats personals |
| 650 | 0 | 4 |
_93196 _aEspanya _xHistòria _y1936-1939, Guerra Civil |
| 942 |
_2udc _cMON |
||
| 999 |
_c6249 _d6249 |
||